Management information systems: (Record no. 2070)
[ view plain ]
| 000 -LEADER | |
|---|---|
| fixed length control field | 00644nam a22002297a 4500 |
| 003 - CONTROL NUMBER IDENTIFIER | |
| control field | OSt |
| 005 - DATE AND TIME OF LATEST TRANSACTION | |
| control field | 20220324112142.0 |
| 008 - FIXED-LENGTH DATA ELEMENTS--GENERAL INFORMATION | |
| fixed length control field | 150615b xxu||||| |||| 00| 0 eng d |
| 020 ## - INTERNATIONAL STANDARD BOOK NUMBER | |
| International Standard Book Number | 9780273789970 |
| 040 ## - CATALOGING SOURCE | |
| Transcribing agency | DDC |
| 082 ## - DEWEY DECIMAL CLASSIFICATION NUMBER | |
| Classification number | 658;4038 LAU 2014 |
| 100 ## - MAIN ENTRY--PERSONAL NAME | |
| Personal name | Laudon, Kenneth C. |
| 9 (RLIN) | 5377 |
| 245 ## - TITLE STATEMENT | |
| Title | Management information systems: |
| Remainder of title | managing digital firm. |
| 250 ## - EDITION STATEMENT | |
| Edition statement | 13th ed. |
| 260 ## - PUBLICATION, DISTRIBUTION, ETC. (IMPRINT) | |
| Place of publication, distribution, etc. | Boston; |
| Name of publisher, distributor, etc. | Pearson, |
| Date of publication, distribution, etc. | 2014 |
| 300 ## - PHYSICAL DESCRIPTION | |
| Extent | 639p; |
| Other physical details | col.ill: |
| Dimensions | 28cm |
| 504 ## - BIBLIOGRAPHY, ETC. NOTE | |
| Bibliography, etc | References, glossary & index included |
| 650 ## - SUBJECT ADDED ENTRY--TOPICAL TERM | |
| Topical term or geographic name as entry element | Information systems |
| 9 (RLIN) | 2356 |
| 650 ## - SUBJECT ADDED ENTRY--TOPICAL TERM | |
| Topical term or geographic name as entry element | Data base |
| 9 (RLIN) | 5378 |
| 700 ## - ADDED ENTRY--PERSONAL NAME | |
| Personal name | Laudon, Jane P. |
| 9 (RLIN) | 5379 |
| 942 ## - ADDED ENTRY ELEMENTS (KOHA) | |
| Source of classification or shelving scheme | Other/Generic Classification Scheme |
| Koha item type | Open Shelf |
| Withdrawn status | Lost status | Source of classification or shelving scheme | Damaged status | Not for loan | Home library | Current library | Date acquired | Source of acquisition | Inventory number | Total Checkouts | Full call number | Barcode | Date last seen | Koha item type | Price effective from |
|---|---|---|---|---|---|---|---|---|---|---|---|---|---|---|---|
| Dewey Decimal Classification | Faculty of Management Science Library | Faculty of Management Science Library | 15/06/2015 | Purchase | 15/4787 | 658.4038 LAU 2014 | 2022-8064 | 15/06/2015 | Book | ||||||
| Dewey Decimal Classification | Faculty of Management Science Library | Faculty of Management Science Library | 24/03/2022 | Purchase | 15/4786 | 658;4038 LAU 2014 | 2022-0545 | 24/03/2022 | Book | 24/03/2022 | |||||
| Dewey Decimal Classification | Faculty of Management Science Library | Faculty of Management Science Library | 24/03/2022 | Purchase | 15/4788 | 658;4038 LAU 2014 | 2022-0544 | 24/03/2022 | Open Shelf | 24/03/2022 | |||||
| Dewey Decimal Classification | Faculty of Management Science Library | Faculty of Management Science Library | 24/03/2022 | Purchase | 15/4783 | 658;4038 LAU 2014 | 2022-0546 | 24/03/2022 | Open Shelf | 24/03/2022 | |||||
| Dewey Decimal Classification | Faculty of Management Science Library | Faculty of Management Science Library | 24/03/2022 | Purchase | 15/4785 | 658;4038 LAU 2014 | 2022-0547 | 24/03/2022 | Open Shelf | 24/03/2022 | |||||
| Dewey Decimal Classification | Faculty of Management Science Library | Faculty of Management Science Library | 24/03/2022 | 15/4784 | 658;4038 LAU 2014 | 2022-0548 | 24/03/2022 | Open Shelf | 24/03/2022 | ||||||
| Dewey Decimal Classification | Faculty of Management Science Library | Faculty of Management Science Library | 24/03/2022 | Purchase | 15/4780 | 658;4038 LAU 2014 | 2022-0549 | 24/03/2022 | Open Shelf | 24/03/2022 | |||||
| Dewey Decimal Classification | Faculty of Management Science Library | Faculty of Management Science Library | 24/03/2022 | Purchase | 15/4781 | 658;4038 LAU 2014 | 2022-0550 | 24/03/2022 | Open Shelf | 24/03/2022 | |||||
| Dewey Decimal Classification | Faculty of Management Science Library | Faculty of Management Science Library | 24/03/2022 | 15/4782 | 658;4038 LAU 2014 | 2022-0551 | 24/03/2022 | Open Shelf | 24/03/2022 | ||||||
| Dewey Decimal Classification | Faculty of Management Science Library | Faculty of Management Science Library | 24/03/2022 | 15/4779 | 658;4038 LAU 2014 | 2022-0552 | 24/03/2022 | Book | 24/03/2022 |
